| 000 | 00000nam 2200000za 4500 |
| 001 | 9.676240 |
| 003 | CaOODSP |
| 005 | 20250502140918 |
| 007 | cr ||||||||||| |
| 008 | 150407|2008||||xxc|||||o f|0| 0 chi d |
| 040 | |aCaOODSP|bfre |
| 043 | |an-cn--- |
| 086 | 1 |aNH17-57/2008Chi2-PDF|zNH17-57/2008Ch-PDF |
| 110 | 2 |aSociété canadienne d'hypothèques et de logement. |
| 245 | 13|aLa peinture - murs, plafonds et planchers |h[ressource électronique] |
| 250 | |a[Édition chinois simplifié]. |
| 260 | |aOttawa - Ontario : |bSociété canadienne d'hypothèques et de logement |cc2008. |
| 300 | |a7p.|bill. en couleur |
| 546 | |aTexte en chinois simplifié. |
| 590 | |a13-03-Supp|b2013-02-11 |
| 775 | 08|tLa peinture - murs, plafonds et planchers |w(CaOODSP)9.641356 |
| 775 | 08|tPainting - walls, ceilings and floors |w(CaOODSP)9.697296 |
| 791 | |tPainting - walls, ceilings and floors |eeng|w(CaOODSP)9.676239 |
| 856 | 40|ahttp://publications.gc.ca|qPDF|s361 Ko|uhttps://publications.gc.ca/collections/collection_2013/schl-cmhc/NH17-57-2008-chi.pdf |